Working accounts for auctioneers and estate agents

Bibliographic Details
Main Author: Owen, J. R.
Format: Book
Published: London : Estate Gazette , 1970
Subjects:

MARC

LEADER 00000cam a2200000 7i4500
001 0000000466
005 20021119.0
040 |a INS 
090 0 0 |a HF5686.A8   |b O93 1970 
100 1 |a Owen, J. R. 
245 1 0 |a Working accounts for auctioneers and estate agents   |c J.R. Owen 
260 |a London :   |b Estate Gazette ,   |c 1970 
300 |a vii, 223p. :   |b ill ;   |c 22 cm. 
650 0 0 |a Accounting   |x Study and teahcing 
650 0 0 |a Auctioneers 
999 |a 0000000262   |b BOOK   |c Open Shelf   |e Default branch